| 000 | 01121nmc a2200385 a 4500 | ||
|---|---|---|---|
| 003 | AR-BaBNM | ||
| 005 | 20251128204353.0 | ||
| 008 | 011101s1992 ||||||||||||||000 | spa|| | ||
| 020 | _a968-853-202-9 | ||
| 040 | _cAR-BaBNM | ||
| 100 | 1 | _aSerafini, María Teresa | |
| 245 | 1 | 0 |
_aCómo redactar un tema _bdidáctica de la escritura |
| 260 |
_aMéxico, D.F. _bPaidós _c1992 |
||
| 300 |
_a256 p. _bgráfs. |
||
| 490 | 0 |
_aInstrumentos Paidós _vv. 4 |
|
| 500 | _aTraducido por Rosa Pramat | ||
| 500 | _aPrólogo por Pilar Sanagustín | ||
| 500 | _aContiene referencias bibliográficas | ||
| 650 | 4 | _aENSENANZA DE LA ESCRITURA | |
| 650 | 4 | _aPLANIFICACION | |
| 650 | 4 | _aREDACCION | |
| 650 | 4 | _aAUTOEVALUACION | |
| 650 | 4 | _aTECNICAS DE EVALUACION | |
| 650 | 4 | _aCURRICULO | |
| 650 | 4 | _aMETODOS DE ENSENANZA | |
| 650 | 4 | _aTECNICAS DIDACTICAS | |
| 650 | 4 | _aMETODOS DE ESTUDIO | |
| 650 | 4 | _aDESARROLLO DE LA CREATIVIDAD | |
| 650 | 4 | _aINVESTIGACION LINGUISTICA | |
| 650 | 4 | _aENSAYO | |
| 653 | _aCORRECCION DE TRABAJOS ESCOLARES | ||
| 800 | 1 |
_aEco, Umberto _edirector |
|
| 942 | _cBK | ||
| 998 | _cGrace | ||
| 999 |
_c7188 _d7188 |
||